000 00569nam a2200157Ia 4500
008 100122s9999 xx 000 0 und d
082 _b69378
_a82
100 _aगानू सुजाता
245 _aआमच्या सहवासातील पु.ल. ( क.क्र.4/1 )
250 _a2
260 _bसंयम
_c2001
300 _a190
630 _aआमच्या सहवासातील पु.ल. ( क.क्र.4/1 )
730 _aआमच्या सहवासातील पु.ल. ( क.क्र.4/1 )
942 _cBOOK
999 _c440688
_d440685